=LDR 00000nam 2200000 4500 =001 INLIS000000000003575 =005 20130612091858 =008 ***********************************Ind** =035 ##$$0010-061300000003575 =041 ##$$a Ind =082 ##$$a 612.65 =090 ##$$a 612.65, Suc t =100 ##$$a Suciningsih =245 ##$$a Tumbuh kembang anak, Sutjiningsih; editor, Ig. N. Gde Ranuh =260 ##$$a 1995 $b Jakarta =300 ##$$a xi, 252 hlm., ilus., 23 cm =650 ##$$a Anak, Perkembangan =700 ##$$a Ranuh, Ig. N. Gde =850 ##$$a NBPNMAT =990 ##$$a 93357/BPAP-NTB/2014 =990 ##$$a 0001/BPAP-NTB/2016